1357 1503 1560 1619 1246 1716 1043 1954 1121 1134 1127 1634 1320 1056 1536 1375 1888 1527 1599 1707 1300 1680 1114 1343 1538 1448 1636 1414 1871 1234 1181 1300 1489 1516 1973 1933 1646 1616 1246 1995 1436 1450 1524 1029 1335 1802 1874 1585 1930 1450 1323 1175 1996 1729 1750 1026 1166 1259 1342 1085 1552 1194 1990 1789 1880 1822 1622 1171 1787 1861 1623 1723 1364 1479 1270 1383 1451 1248 1356 1360 1276 1438 1179 1516 1508 1503 1263 1921 1207 1334 1964 1299 1295 1857 1584 1887 1399 1758 1934 BCNSPRNW ULIB Ver.6.0+V

เปลี่ยนเป็นภาษาไทย

Change to English
 แสดงรายละเอียดบรรณานุกรม
  กลับหน้าหลัก

Brief Record : Get Marc (ISO 2709) : E-mail record : QR code < ปิดหน้าต่าง
LEADER : 00000nam 2200000uu 4500
001    13399121578
003     ULIB
008    121123s2546||||th 000 0 tha d
020    ^a9741324464
020    ^a9789741324460
060 04 ^aWV100^bส944ห
100 0  ^aเสาวรส อัศววิเชียรจินดา
245 10 ^aหู--การเวียนศีรษะและการสูญเสียการได้ยิน /^cเสาวรสอัศววิเชียรจินดา
246 30 ^aหู ... การเวียนศีรษะและการสูญเสียการได้ยิน
250    ^aพิมพ์ครั้งที่ 1
260    ^aกรุงเทพฯ :^bภาควิชาโสต นาสิก ลาริงซ์วิทยา คณะแพทยศาสตร์จุฬาลงกรณ์มหาวิทยาลัย,^c2546
300    ^a104 หน้า :^bภาพประกอบ ;^c21 ซม.
650  7 ^aหู^xโรค^xการรักษา
650  7 ^aหูหนวก^xการรักษา
710 2  ^aจุฬาลงกรณ์มหาวิทยาลัย. ^bคณะแพทยศาสตร์. ^bภาควิชาโสต นาสิกลาริงซ์วิทยา
945    ^p0^l0^i14146
995    ^aวิภา
999 ^a ใช้งานได้ทุกระบบ
รายการนี้ยังไม่มีแท็ก
คุณยังไม่ได้ล็อกอิน คุณสามารถมีกิจกรรมร่วมกับเว็บไซต์ได้ แต่ต้องล็อกอินก่อน ::
  ล็อกอิน

รายการสื่อสารสนเทศ

ลำดับที่ ประเภท เลขเรียก/บาร์โค้ด สถานที่ สถานะ
1. วิทยาศาสตร์การแพทย์ และสุขภาพ
วิทยาศาสตร์การแพทย์ และสุขภาพ
WV100 ส944ห  
  Barcode: 14146
ห้องสมุดวิทยาเขตสวรรค์ประชารักษ์
►ส่วนจัดเก็บหนังสือเก่า สปร
บนชั้น
  ขอยืม

BibComment


ยังไม่เคยถูกคอมเมนท์

คอมเมนท์ทรัพยากรรายการนี้
  คอมเมนท์: หูการเวียนศีรษะแ..


 Copyright 2026. Bcnsprnw @Library